|
|
|
|
| LEADER |
01914nam a2200409 a 4500 |
| 001 |
29445 |
| 003 |
BD-DhAAL |
| 005 |
20150803094422.0 |
| 008 |
130128s2011 nyua b 101 0 eng c |
| 010 |
|
|
|a 2011902796
|
| 016 |
7 |
|
|a 015953335
|2 Uk
|
| 020 |
|
|
|a 9780735409033
|
| 020 |
|
|
|a 073540903X
|
| 035 |
|
|
|a (OCoLC)ocn747008460
|
| 040 |
|
|
|a YDXCP
|c YDXCP
|d BWX
|d MIA
|d CAI
|d IQU
|d UKMGB
|d DLC
|
| 042 |
|
|
|a pcc
|
| 050 |
0 |
0 |
|a QC764.5
|b .I578 2010
|
| 082 |
0 |
0 |
|2 21
|a 538.4
|
| 111 |
2 |
|
|a International Conference on Magnetic Materials
|n (3rd :
|d 2010 :
|c Kolkata, India)
|9 13460
|
| 245 |
0 |
0 |
|a International Conference on Magnetic Materials :
|b ICMM-2010, Kolkata, India, 25-29 October 2010 /
|c editors, Amitabha Ghoshray, Bilwadal Bandyopadhyay, Chandon Mazumdar.
|
| 246 |
3 |
0 |
|a Magnetic materials
|
| 246 |
3 |
0 |
|a ICMM-2010
|
| 260 |
|
|
|a Melville, N.Y. :
|b American Institute of Physics,
|c 2011.
|
| 300 |
|
|
|a xi, 336 p. :
|b ill. ;
|c 24 cm.
|
| 490 |
1 |
|
|a AIP conference proceedings,
|x 0094-243X ;
|v 1347
|
| 500 |
|
|
|a "The International Conference on Magnetic Materials ... was the third conference in the series, the earlier two being held in 2000 and 2007"--P. 1.
|
| 504 |
|
|
|a Includes bibliographical references and index.
|
| 505 |
0 |
|
|a Nanostructured materials -- Thin films and multilayers -- Intermetallics and alloys -- Low dimensional systems -- Superconductivity -- Transition metal oxides -- Oxides.
|
| 541 |
|
|
|e 29445
|
| 650 |
|
0 |
|a Magnetic materials
|v Congresses.
|9 13461
|
| 700 |
1 |
|
|a Ghoshray, Amitabha.
|9 13462
|
| 700 |
1 |
|
|a Bandyopadhyay, Bilwadal.
|9 13463
|
| 700 |
1 |
|
|a Mazumdar, Chandan.
|9 13464
|
| 830 |
|
0 |
|a AIP conference proceedings ;
|v no. 1347.
|9 13465
|
| 942 |
|
|
|2 ddc
|c BK
|
| 999 |
|
|
|c 35134
|d 35134
|
| 952 |
|
|
|0 0
|1 0
|2 ddc
|4 0
|6 538_400000000000000_INT
|7 0
|9 55083
|a BRACUL
|b BRACUL
|c GEN
|d 2015-08-03
|e Development Book Agency
|g 18200.00
|l 1
|m 8
|o 538.4 INT
|p 3010029445
|r 2017-05-09
|s 2016-04-10
|t 1
|w 2015-08-03
|y BK
|